<?xml version="1.0" encoding="UTF-8"?><?xml-stylesheet type="text/xsl" href="static/style.xsl"?><OAI-PMH xmlns="http://www.openarchives.org/OAI/2.0/" xmlns:xsi="http://www.w3.org/2001/XMLSchema-instance" xsi:schemaLocation="http://www.openarchives.org/OAI/2.0/ http://www.openarchives.org/OAI/2.0/OAI-PMH.xsd"><responseDate>2026-04-17T12:49:22Z</responseDate><request verb="GetRecord" identifier="oai:www.recercat.cat:2072/422805" metadataPrefix="marc">https://recercat.cat/oai/request</request><GetRecord><record><header><identifier>oai:recercat.cat:2072/422805</identifier><datestamp>2024-10-29T15:23:43Z</datestamp><setSpec>com_2072_98</setSpec><setSpec>col_2072_378197</setSpec></header><metadata><record xmlns="http://www.loc.gov/MARC21/slim" xmlns:dcterms="http://purl.org/dc/terms/" xmlns:xsi="http://www.w3.org/2001/XMLSchema-instance" xmlns:doc="http://www.lyncode.com/xoai" xsi:schemaLocation="http://www.loc.gov/MARC21/slim http://www.loc.gov/standards/marcxml/schema/MARC21slim.xsd">
   <leader>00925njm 22002777a 4500</leader>
   <datafield ind2=" " ind1=" " tag="042">
      <subfield code="a">dc</subfield>
   </datafield>
   <datafield ind2=" " ind1=" " tag="720">
      <subfield code="a">Roca Jusmet, Jordi</subfield>
      <subfield code="e">author</subfield>
   </datafield>
   <datafield ind2=" " ind1=" " tag="720">
      <subfield code="a">Padilla, Emilio</subfield>
      <subfield code="e">author</subfield>
   </datafield>
   <datafield ind2=" " ind1=" " tag="720">
      <subfield code="a">Farré i Perdiguer, Mariona</subfield>
      <subfield code="e">author</subfield>
   </datafield>
   <datafield ind2=" " ind1=" " tag="720">
      <subfield code="a">Galletto, Vittorio,</subfield>
      <subfield code="e">author</subfield>
   </datafield>
   <datafield ind2=" " ind1=" " tag="720">
      <subfield code="a">Universitat Autònoma de Barcelona. Departament d'Economia Aplicada</subfield>
      <subfield code="e">author</subfield>
   </datafield>
   <datafield ind2=" " ind1=" " tag="260">
      <subfield code="c">2006</subfield>
   </datafield>
   <datafield ind2=" " ind1=" " tag="520">
      <subfield code="a">The environmental Kuznets curve (EKC) hypothesis posits an inverted U relationship between environmental pressure and per capita income. Recent research has examined this hypothesis for different pollutants in different countries. Despite certain empirical evidence shows that some environmental pressures have diminished in developed countries, the hypothesis could not be generalized to the global relationship between economy and environment at all. In this article we contribute to this debate analyzing the trends of annual emission flux of six atmospheric pollutants in Spain. The study presents evidence that there is not any correlation between higher income level and smaller emissions, except for SO2 whose evolution might be compatible with the EKC hypothesis. The authors argue that the relationship between income level and diverse types of emissions depends on many factors. Thus it cannot be thought that economic growth, by itself, will solve environmental problems.</subfield>
   </datafield>
   <datafield tag="653" ind2=" " ind1=" ">
      <subfield code="a">Economia Aspectes ambientals Espanya</subfield>
   </datafield>
   <datafield ind2="0" ind1="0" tag="245">
      <subfield code="a">Economic growth and atmospheric pollution in Spain : discussing the environmental Kuznets curve by hypothesis</subfield>
   </datafield>
</record></metadata></record></GetRecord></OAI-PMH>